[Event "Buxton e2e4 op-B 03"]
[Site "Buxton"]
[Date "2013.03.17"]
[Round "4"]
[White "Wilson, Matthew R"]
[Black "Thomason, Alan"]
[Result "1-0"]
[WhiteElo "1747"]
[BlackElo "1814"]
[PlyCount "55"]
[EventDate "2013.03.15"]
[EventType "swiss"]
[EventRounds "5"]
[EventCountry "ENG"]
[SourceTitle "EXT 2015"]
[Source "ChessBase"]
[SourceDate "2014.11.20"]
[SourceVersion "1"]
[SourceVersionDate "2014.11.20"]
[SourceQuality "1"]

1. Nf3 d5 2. g3 Nf6 3. Bg2 e6 4. 0-0 Be7 5. c4 c6 6. d4 0-0 7. Nc3 Nbd7 8. b3 Bb4 9. Qd3 Re8 10. Bb2 b6 11. a3 Be7 12. Nd2 Bb7 13. e4 Nf8 14. f4 c5 15. e5 Ng4 16. f5 dxc4 17. Nxc4 Bxg2 18. Kxg2 Qxd4 19. Qe2 Nh6 20. f6 gxf6 21. Rf4 Qd7 22. exf6 Ng6 23. fxe7 Nxf4+ 24. gxf4 Qxe7 25. Ne4 Qb7 26. Ncd6 Qc6 27. Qh5 f5 28. Qg5+ 1-0

[Event "Chester e2e4 op-B"]
[Site "Chester"]
[Date "2013.01.20"]
[Round "5"]
[White "Thomason, Alan"]
[Black "Ross, Stuart"]
[Result "1/2-1/2"]
[WhiteElo "1822"]
[BlackElo "1614"]
[PlyCount "41"]
[EventDate "2013.01.18"]
[EventType "swiss"]
[EventRounds "7"]
[EventCountry "ENG"]
[SourceTitle "EXT 2015"]
[Source "ChessBase"]
[SourceDate "2014.11.20"]
[SourceVersion "1"]
[SourceVersionDate "2014.11.20"]
[SourceQuality "1"]

1. c4 Nf6 2. g3 g6 3. Bg2 Bg7 4. Nc3 c5 5. e4 Nc6 6. Nge2 0-0 7. 0-0 d6 8. h3 Bd7 9. d3 Rb8 10. Be3 a6 11. Rc1 b5 12. b3 Ne8 13. Kh2 Nd4 14. Bxd4 cxd4 15. Nb1 bxc4 16. dxc4 e5 17. Rc2 Bh6 18. c5 Qa5 19. cxd6 Nxd6 20. Nbc3 f5 21. f4 1/2-1/2